000
00301nam a2200133Ia 4500
008
240624s9999 xx 000 0 und d
041
_a
eng
082
_a
823 AUB
100
_a
AUBYN EDWARD ST
245
_a
SOME HOPE
260
_c
2012
_a
London
_b
Picador
300
_a
208p. ; 20cm.
365
_c
RS
_b
25
999
_c
20006
_d
20006